[Event "Cto. Autonómico por Equipos 2007"]
[Site "Aragón"]
[Date "2007.04.21"]
[Round "11.3"]
[White "Fandino Roquelina"]
[Black "Campos Antonio"]
[Result "1-0"]
[WhiteElo "2104"]
[BlackElo "2263"]

1.e4 c5 2.Nf3 Nc6 3.Bb5 a6 4.Bxc6 dxc6 5.h3 e5 6.O-O Qc7 7.d3 f6 8.Be3 Be6 9.
Nbd2 b6 10.a4 a5 11.Qe2 Bd6 12.c3 Ne7 13.d4 Ng6 14.Nc4 O-O 15.Rfd1 Bxc4 16.
Qxc4+ Qf7 17.Qxf7+ Rxf7 18.dxc5 Bxc5 19.Bxc5 bxc5 20.Rd6 Rc7 21.Nd2 Ne7 22.Nc4
Kf7 23.Rad1 Raa7 24.g3 Ng6 25.Rd8 Ne7 26.h4 h5 27.f3 Nc8 28.Rxc8 Rxc8 29.Nd6+
Ke6 30.Nxc8 Rb7 31.Rd6+ Kf7 32.Rxc6 Rxb2 33.Rxc5 g5 34.hxg5 1-0

[Event "Cto. Autonómico por Equipos 2007"]
[Site "Aragón"]
[Date "2007.04.21"]
[Round "11.4"]
[White "Moreno Gracia Daniel"]
[Black "Maza Broto Pablo"]
[Result "1-0"]
[WhiteElo "2122"]
[BlackElo "1981"]

1.c4 e6 2.Nc3 d5 3.cxd5 exd5 4.d4 Nf6 5.Bg5 Be7 6.e3 O-O 7.Qc2 c6 8.Bd3 h6 9.
Bf4 Re8 10.Nf3 Nbd7 11.h3 Nf8 12.O-O-O Bd6 13.Bxd6 Qxd6 14.g4 Ne4 15.Bxe4 dxe4
16.Nd2 f5 17.gxf5 Bxf5 18.f3 Qe6 19.fxe4 Bxh3 20.Rdg1 Nh7 21.Nf3 Rf8 22.Rg3
Bg4 23.Ne5 Nf6 24.Nxg4 Nxg4 25.Qg2 Rf2 26.Qh3 Raf8 27.Qxg4 Qxg4 28.Rxg4 Rf1+
29.Rxf1 Rxf1+ 30.Nd1 g5 31.Rg2 Rf7 32.Kd2 Kg7 33.Nf2 Kg6 34.Ng4 Rh7 35.Rf2 Rh8
36.Ne5+ Kh5 1-0

[Event "Cto. Autonómico por Equipos 2007"]
[Site "Aragón"]
[Date "2007.04.21"]
[Round "11.5"]
[White "Llorente Zaro Alfonso"]
[Black "Baron Rodriguez Jesus"]
[Result "1-0"]
[WhiteElo "2353"]
[BlackElo "2422"]

1.c4 e6 2.Nc3 d5 3.d4 c6 4.Nf3 Nf6 5.cxd5 exd5 6.Bg5 Be7 7.e3 Bf5 8.Ne5 Nbd7
9.Bd3 Bxd3 10.Nxd7 Qxd7 11.Bxf6 Bxf6 12.Qxd3 O-O 13.O-O-O Rfe8 14.Kb1 Be7 15.
h4 a5 16.Qc2 Bd6 17.Rdg1 f5 18.g3 Re7 19.Ne2 Qe6 20.Nc1 Qe4 21.Nd3 Rf8 22.h5
Qe6 23.Re1 Rc8 24.f4 b6 25.Ne5 c5 26.Qg2 Bxe5 27.dxe5 Rd7 28.Rd1 Rcd8 29.Rhg1
d4 30.e4 c4 31.g4 fxg4 32.Qxg4 Qc6 33.Rxd4 Qb7 34.Rxd7 Rxd7 35.Qe6+ Rf7 36.
Qxc4 b5 37.Qd5 Qxd5 38.exd5 Rxf4 39.d6 Rd4 40.Rf1 g5 41.h6 Rd5 42.e6 Rxd6 43.
e7 1-0

[Event "Cto. Autonómico por Equipos 2007"]
[Site "Aragón"]
[Date "2007.04.21"]
[Round "11.6"]
[White "Antoli Royo Joaquin Miguel"]
[Black "Ramon Perez Jose Luis"]
[Result "1-0"]
[WhiteElo "2304"]
[BlackElo "2336"]

1.e4 c5 2.Nf3 d6 3.d4 cxd4 4.Nxd4 Nf6 5.Nc3 Nc6 6.Bc4 Bd7 7.O-O g6 8.Nxc6 Bxc6
9.Qe2 Bg7 10.Bg5 O-O 11.Rad1 Qa5 12.Bh4 Rac8 13.Bb3 Rfe8 14.f4 Qh5 15.Qxh5
Nxh5 16.e5 Bh6 17.Bg5 Bf8 18.exd6 exd6 19.f5 Re5 20.g4 d5 21.Bxd5 h6 22.Bxc6
Rxc6 23.gxh5 hxg5 24.fxg6 Bc5+ 25.Kh1 fxg6 26.hxg6 Kg7 27.Rf7+ Kxg6 28.Rxb7
Rf6 29.b4 Bb6 30.Rbd7 Rf2 31.R7d2 Ref5 32.Nd5 Rf1+ 33.Rxf1 Rxf1+ 34.Kg2 Rg1+
35.Kf3 g4+ 36.Ke4 Re1+ 37.Kf4 Kh5 38.c4 Rc1 39.c5 Bd8 40.Kf5 Bg5 41.Re2 Kh4
42.Ke6 a5 43.a3 axb4 44.axb4 Bh6 45.Rf2 g3 46.hxg3+ Kxg3 47.Rb2 Bg7 48.Rb3+
Kf2 49.Nf4 Rc2 50.b5 Bd4 51.b6 Bxc5 52.Nd3+ Ke2 53.Nxc5 Rxc5 54.b7 1-0

[Event "Cto. Autonómico por Equipos 2007"]
[Site "Aragón"]
[Date "2007.04.21"]
[Round "11.7"]
[White "Remiro Juste Fernando Jose"]
[Black "Lasanta Rica Cesar"]
[Result "1/2-1/2"]
[WhiteElo "2331"]
[BlackElo "2300"]

1.d4 Nf6 2.Bg5 d5 3.Bxf6 exf6 4.e3 Bd6 5.g3 c6 6.Bg2 f5 7.Ne2 Nd7 8.O-O h5 9.
c4 dxc4 10.d5 c5 11.Nd2 Ne5 12.Nxc4 Nxc4 13.Qa4+ Bd7 14.Qxc4 b5 15.Qd3 O-O 16.
b3 Re8 17.Rfd1 h4 18.Rac1 hxg3 19.hxg3 Qa5 20.Rc2 g6 21.Bf3 Rac8 22.Kg2 Qb4
23.Rdc1 a5 24.Qc3 Qxc3 25.Nxc3 c4 26.bxc4 Rxc4 27.Be2 Rc5 28.Ne4 Rxc2 29.Nf6+
Kh8 30.Rxc2 Rc8 31.Rxc8+ Bxc8 32.Bxb5 Be7 33.Ne8 Kg8 34.Bc6 Kf8 35.Nc7 Bc5 36.
Kf3 Ke7 37.a4 Bb4 38.Nb5 Ba6 39.Nd4 Bc5 40.Nb3 Bb4 41.g4 fxg4+ 42.Kxg4 Bc4 43.
Nd4 Bc5 44.Nf3 Be2 45.Kg3 Bd6+ 46.Kg2 Bxf3+ 47.Kxf3 f5 48.Ke2 g5 49.Kd3 Kf6
50.Kd4 Bb4 51.f3 g4 52.fxg4 fxg4 53.e4 1/2-1/2

[Event "Cto. Autonómico por Equipos 2007"]
[Site "Aragón"]
[Date "2007.04.21"]
[Round "11.8"]
[White "Aguirre Izaguirre Pedro Jose"]
[Black "Mimbela Lopez Miguel Angel"]
[Result "1-0"]
[WhiteElo "2268"]
[BlackElo "2232"]

1.c4 b6 2.Nc3 Bb7 3.e4 e5 4.d3 Nc6 5.g3 Bc5 6.Bg2 Nge7 7.Nge2 O-O 8.O-O Nd4 9.
Rb1 a5 10.Nxd4 Bxd4 11.Ne2 Nc6 12.Nxd4 Nxd4 13.Be3 d6 14.f4 Qe7 15.Qd2 Nc6 16.
b3 f6 17.a3 Qd7 18.b4 axb4 19.axb4 b5 20.Rfc1 Ba6 21.d4 Nxd4 22.Bxd4 exd4 23.
Qxd4 Bb7 24.cxb5 Qxb5 25.Rxc7 Ra6 26.Qc4+ Qxc4 27.Rxc4 Ra2 28.Rd1 Rd8 29.Rc7
Rxg2+ 30.Kxg2 Bxe4+ 31.Kf2 d5 32.Ke3 Rb8 33.Ra1 g5 34.b5 1-0

[Event "Cto. Autonómico por Equipos 2007"]
[Site "Aragón"]
[Date "2007.04.28"]
[Round "12.1"]
[White "Lopez Gracia Fernando"]
[Black "Baron Rodriguez Jesus"]
[Result "1/2-1/2"]
[WhiteElo "2328"]
[BlackElo "2422"]

1.Nf3 d5 2.d4 e6 3.c4 c6 4.g3 Nf6 5.Bg2 Be7 6.O-O O-O 7.Qc2 b6 8.Ne5 Bb7 9.Rd1
Nbd7 10.cxd5 cxd5 11.Nc6 Bxc6 12.Qxc6 Rc8 13.Qa4 Qc7 14.Nc3 Qb7 15.Bf4 a6 16.
Rdc1 b5 17.Qd1 Nb6 18.Qd3 Nc4 19.Rc2 Qd7 20.Rac1 Nh5 21.Bd2 f5 22.Nd1 Bd6 23.
b3 Na3 24.Rxc8 Rxc8 25.Rxc8+ Qxc8 26.Qc3 Qxc3 27.Bxc3 Nf6 28.f3 h5 29.Nb2 b4
30.Be1 Nb5 31.Nd3 a5 32.e3 g5 33.Bf1 Na3 34.Nf2 g4 35.f4 Kf7 36.Bd3 Ne4 37.Kf1
Nxf2 38.Bxf2 Ke7 39.Ke2 Kd7 1/2-1/2

[Event "Cto. Autonómico por Equipos 2007"]
[Site "Aragón"]
[Date "2007.04.28"]
[Round "12.2"]
[White "Antoli Royo Joaquin Miguel"]
[Black "Gomez Anadon Daniel"]
[Result "1-0"]
[WhiteElo "2280"]
[BlackElo "2304"]

1.e4 c5 2.Nc3 d6 3.f4 Nf6 4.Nf3 Nc6 5.d4 cxd4 6.Nxd4 Qb6 7.Nf3 e6 8.Bd3 Be7 9.
Qe2 a6 10.e5 dxe5 11.fxe5 Nd7 12.Bd2 Nd4 13.Nxd4 Qxd4 14.O-O-O Nxe5 15.Be4 Qc4
16.Qh5 Qc5 17.Kb1 Nc4 18.Qf3 Nxd2+ 19.Rxd2 O-O 20.g4 Qc7 21.g5 g6 22.h4 Bd7
23.h5 Bxg5 24.hxg6 fxg6 25.Qh3 h6 26.Rg2 Qe5 27.Bxg6 Rf6 28.Be4 Raf8 29.Re2
Qf4 30.a3 Bc8 31.Rg2 b5 32.Rhg1 R8f7 33.Qh5 Kf8 34.Rxg5 hxg5 35.Qh8+ Ke7 36.
Qxc8 Rh6 37.Bg2 Qf2 38.Rd1 Qb6 39.Ne4 Qa7 1-0

[Event "Cto. Autonómico por Equipos 2007"]
[Site "Aragón"]
[Date "2007.04.28"]
[Round "12.3"]
[White "Campos Antonio"]
[Black "Lasanta Rica Cesar"]
[Result "0-1"]
[WhiteElo "2263"]
[BlackElo "2300"]

1.d4 Nf6 2.c4 e6 3.Nf3 b6 4.g3 Ba6 5.Qc2 c5 6.Bg2 Bb7 7.O-O cxd4 8.Nxd4 Bxg2
9.Kxg2 Be7 10.e4 O-O 11.Nc3 Qc7 12.Qe2 Nc6 13.Nc2 d6 14.Ne3 a6 15.b3 b5 16.Rd1
b4 17.Na4 Nxe4 18.Bb2 Bf6 19.Rab1 Bxb2 20.Rxb2 Nc5 21.Rbd2 Nxa4 22.bxa4 Rfd8
23.f4 Rd7 24.Qg4 Rad8 25.h4 Ne7 26.h5 h6 27.f5 Nxf5 28.Nxf5 exf5 29.Qxf5 Qxc4
30.Re1 Qc6+ 31.Kh2 d5 32.a5 d4 33.Rc2 Qa4 34.Rce2 Rd6 35.Qd3 Qb5 36.Qb3 Qxh5+
37.Kg1 d3 38.Re8+ Rxe8 39.Rxe8+ Kh7 40.Re1 Qf3 41.Qxb4 Qxg3+ 42.Kh1 Qf3+ 43.
Kg1 Rg6+ 0-1

[Event "Cto. Autonómico por Equipos 2007"]
[Site "Aragón"]
[Date "2007.04.28"]
[Round "12.4"]
[White "Aguirre Izaguirre Pedro Jose"]
[Black "Moreno Gracia Daniel"]
[Result "1-0"]
[WhiteElo "2268"]
[BlackElo "2122"]

1.c4 e6 2.e4 d5 3.exd5 exd5 4.cxd5 Qxd5 5.Nc3 Qd6 6.Nf3 Nf6 7.Bc4 Be7 8.Nb5
Qc5 9.Qe2 Bg4 10.b3 Qb6 11.Qe5 Nbd7 12.Nxc7+ Kd8 13.Nxa8 Nxe5 14.Nxb6 Nxf3+
15.gxf3 Bxf3 16.Rg1 Bd6 17.Na4 Bxh2 18.Rxg7 Nh5 19.Rxf7 Re8+ 20.Kf1 Nf4 21.
Rxf4 Bxf4 22.d4 Bh2 23.Bg5+ Kc7 24.Re1 Rf8 25.Re7+ Kb8 26.Rxh7 1-0

[Event "Cto. Autonómico por Equipos 2007"]
[Site "Aragón"]
[Date "2007.04.28"]
[Round "12.5"]
[White "Llorente Zaro Alfonso"]
[Black "Garza Marco Sergio"]
[Result "1/2-1/2"]
[WhiteElo "2353"]
[BlackElo "2380"]

1.c4 e6 2.Nf3 d5 3.e3 Nf6 4.b3 c5 5.Bb2 Nc6 6.Be2 d4 7.exd4 cxd4 8.d3 Bd6 9.
O-O e5 10.Na3 O-O 11.Nc2 Re8 12.Re1 a5 13.a3 Bf5 14.Bf1 Nd7 15.Rb1 Rb8 16.Nd2
Bg6 17.Qf3 Qc7 18.h4 Nf6 19.Ne4 Bxe4 20.dxe4 Qe7 21.Bc1 Nd7 22.Bg5 Qf8 23.Qh3
Re6 24.Be2 Nf6 25.c5 Bxc5 26.Bc4 Rd6 27.b4 axb4 28.axb4 Bb6 29.Rb3 Qc8 30.Qh2
d3 31.Ne3 d2 32.Rd1 Nxe4 33.b5 Bxe3 34.Rxe3 Na5 35.Bxf7+ Kxf7 36.Rxe4 Qc1 37.
Qxe5 Qxd1+ 38.Kh2 Qc2 39.Rf4+ Kg8 40.Qxd6 Rc8 41.Rd4 h6 42.Rxd2 Qf5 43.Be3 Nc4
44.Qd5+ Qxd5 45.Rxd5 Nxe3 46.fxe3 Re8 47.Rd7 Rxe3 48.Rxb7 h5 49.b6 Rb3 50.Rb8+
Kh7 51.b7 Kg6 52.Kg1 Rb2 53.Kf1 Kh7 54.Ke1 Rb6 55.Ke2 1/2-1/2

[Event "Cto. Autonómico por Equipos 2007"]
[Site "Aragón"]
[Date "2007.04.28"]
[Round "12.6"]
[White "Fontana Sotomayour Luis Javier"]
[Black "Ramon Perez Jose Luis"]
[Result "1-0"]
[WhiteElo "2320"]
[BlackElo "2336"]

1.Nc3 c5 2.e4 d6 3.g3 Nc6 4.Bg2 g6 5.d3 Bg7 6.f4 e5 7.Nf3 Nge7 8.O-O Nd4 9.Nh4
exf4 10.Bxf4 O-O 11.Qd2 Be6 12.Rf2 Qb6 13.Rb1 Rad8 14.Nd5 Bxd5 15.exd5 Ndf5
16.Nxf5 Nxf5 17.c3 Rfe8 18.Bh3 Rd7 19.Bxf5 gxf5 20.Bh6 f6 21.Bxg7 Kxg7 22.Rxf5
Rde7 23.Rxf6 c4+ 24.d4 Re1+ 25.Rxe1 Rxe1+ 26.Qxe1 Kxf6 27.Qe2 Kg6 28.h4 h5 29.
Kh2 a5 30.Kh3 a4 31.g4 a3 32.Qc2+ Kg7 33.bxa3 Qa5 34.Qd2 Kh7 35.Qe3 Qxa3 36.
gxh5 Qb2 37.Qg3 Qd2 38.Qf3 b5 39.a3 Qe1 40.Kg4 Qg1+ 41.Kf4 Qc1+ 42.Kf5 Qh6 43.
Qe4 Qxh5+ 44.Ke6+ Kh8 45.Kxd6 Qh6+ 46.Kd7 Qa6 47.Qe5+ Kh7 48.Qe7+ Kh8 49.Qe8+
Kg7 50.d6 Qxa3 51.Qe5+ Kh7 52.Ke6 Qa6 53.Qf5+ Kh8 54.Kf7 1-0

[Event "Cto. Autonómico por Equipos 2007"]
[Site "Aragón"]
[Date "2007.04.28"]
[Round "12.7"]
[White "Mimbela Lopez Miguel Angel"]
[Black "Fandino Roquelina"]
[Result "1/2-1/2"]
[WhiteElo "2232"]
[BlackElo "2104"]

1.e4 e5 2.Bc4 d6 3.f4 Nc6 4.Nf3 Be7 5.O-O Nf6 6.d3 O-O 7.Nc3 exf4 8.Bxf4 Na5
9.Bb3 Nxb3 10.axb3 c6 11.Qd2 d5 12.e5 Ne8 13.d4 Nc7 14.Qf2 Bf5 15.Be3 Bg6 16.
Rac1 Ne6 17.Ne2 h6 1/2-1/2

[Event "Cto. Autonómico por Equipos 2007"]
[Site "Aragón"]
[Date "2007.04.28"]
[Round "12.8"]
[White "Maza Broto Pablo"]
[Black "Gomez Luesia Jesus"]
[Result "0-1"]
[WhiteElo "1981"]
[BlackElo "2181"]

1.e4 c6 2.d4 d5 3.e5 a6 4.Bd3 c5 5.c3 Nc6 6.Ne2 Bg4 7.f3 Bd7 8.Be3 cxd4 9.cxd4
Nb4 10.Nbc3 Nxd3+ 11.Qxd3 e6 12.O-O Ne7 13.Bg5 Qb6 14.Bxe7 Bxe7 15.a3 O-O 16.
f4 f6 17.Qh3 f5 18.Qd3 Rac8 19.Rab1 Rc4 20.Rf3 Rfc8 21.h3 Be8 22.g4 Bg6 23.g5
Bh5 24.Rff1 a5 25.Rfd1 a4 26.Rd2 Qa5 27.Kf2 b5 28.Na2 Bxe2 29.Kxe2 b4 30.b3
Rc3 31.Nxc3 Rxc3 32.Qxc3 bxc3 33.b4 Qb5+ 34.Rd3 Qc4 35.Rc1 Qa2+ 36.Kf3 Qxa3
37.Rcxc3 Qxb4 38.Rc2 Qb1 39.Rdd2 a3 40.Kg3 Qb3+ 41.Kg2 Qe3 0-1

[Event "Cto. Autonómico por Equipos 2007"]
[Site "Aragón"]
[Date "2007.04.28"]
[Round "12.9"]
[White "Cantin Zaborras Valentin"]
[Black "Garcia Asenjo Antonio"]
[Result "1-0"]
[WhiteElo "2125"]
[BlackElo "2018"]

1.e4 c5 2.Nf3 d6 3.d4 cxd4 4.Nxd4 Nf6 5.Nc3 e6 6.f4 a6 7.Qf3 Qc7 8.Be3 Nc6 9.
Bd3 Bd7 10.O-O Nxd4 11.Bxd4 Bc6 12.Rae1 Be7 13.Qg3 O-O-O 14.Qxg7 Rdf8 15.Bxf6
Rhg8 16.Bxe7 Rxg7 17.Bxf8 Rg8 18.Bh6 Qb6+ 19.Kh1 Qxb2 20.Nd1 Qxa2 21.f5 e5 22.
Bd2 f6 23.Ne3 Rg7 24.Nc4 d5 25.Ra1 Qxa1 26.Nb6+ Kd8 27.Rxa1 dxe4 28.Bf1 1-0

[Event "Cto. Autonómico por Equipos 2007"]
[Site "Aragón"]
[Date "2007.04.28"]
[Round "12.10"]
[White "Argueso Pascual Jorge"]
[Black "Valiente Roy Jose Javier"]
[Result "0-1"]
[WhiteElo "1972"]
[BlackElo "2079"]

1.d4 d5 2.c4 e6 3.Nc3 c5 4.cxd5 exd5 5.Nf3 Nc6 6.Bg5 f6 7.Bd2 c4 8.g3 Bb4 9.
Bg2 Nge7 10.O-O O-O 11.e3 Bf5 12.Re1 Bxc3 13.Bxc3 Be4 14.Nd2 Bxg2 15.Kxg2 f5
16.Nf3 b5 17.a3 a5 18.Ne5 b4 19.Nxc6 Nxc6 20.Bd2 Qe7 21.Qf3 Qe4 22.Re2 Qxf3+
23.Kxf3 Rfe8 24.h4 g6 25.Be1 h6 26.Rc2 bxa3 27.Rxa3 Nxd4+ 28.exd4 Rxe1 29.Rd2
a4 30.Kf4 Kf7 31.Kf3 g5 32.hxg5 hxg5 33.Kg2 Kf6 34.Kf3 g4+ 35.Kg2 Kg5 36.f3
Ra6 37.fxg4 Kxg4 38.Rf2 Re4 39.Rd2 Rb6 40.Rxa4 Rb3 41.Ra5 Rxg3+ 42.Kf2 Rf3+
43.Kg2 Rd3 44.Rf2 Rexd4 45.Ra8 Rd2 46.Rg8+ Kh5 47.Kg3 Rxf2 48.Kxf2 Rd2+ 49.Ke3
Rxb2 50.Kd4 Re2 51.Kxd5 c3 52.Rg1 c2 53.Kc4 f4 54.Kd3 f3 55.Rf1 Kg4 56.Rg1+
Kh3 57.Kc3 f2 0-1

[Event "Cto. Autonómico por Equipos 2007"]
[Site "Aragón"]
[Date "2007.04.28"]
[Round "12.11"]
[White "Gutierrez Barrachina Jose A"]
[Black "Sancho JA"]
[Result "1-0"]
[WhiteElo "1983"]
[BlackElo "1845"]

1.c4 Nf6 2.Nc3 d5 3.cxd5 Nxd5 4.Nf3 c6 5.d4 Nxc3 6.bxc3 Bf5 7.Qb3 Qc7 8.g3 e6
9.Bf4 Qb6 10.Bg2 Be7 11.O-O Nd7 12.Nd2 O-O 13.e4 Bg6 14.Qc4 Qd8 15.Rfe1 Rc8
16.Qb3 b6 17.Rad1 c5 18.d5 e5 19.Be3 Bd6 20.Nc4 Nf6 21.Nxd6 Qxd6 22.f4 Bxe4
23.fxe5 Qxe5 24.Bf4 Qf5 25.Rxe4 Nxe4 26.Qb1 Rfe8 27.Re1 g5 28.Rxe4 Kg7 29.Bd2
Rxe4 30.Qxe4 Qf6 31.Qg4 Re8 32.Qxg5+ Qxg5 33.Bxg5 f6 34.Bf4 Kf7 35.d6 Re2 36.
Bc6 Rxa2 37.Bd5+ 1-0

[Event "Cto. Autonómico por Equipos 2007"]
[Site "Aragón"]
[Date "2007.04.28"]
[Round "12.12"]
[White "Ariza Torrijo Justo"]
[Black "Lopez Capape Armando"]
[Result "1-0"]
[WhiteElo "1655"]
[BlackElo "1900"]

1.Nf3 Nf6 2.d4 e6 3.Bg5 c5 4.c3 cxd4 5.Nxd4 d5 6.e3 Be7 7.Nd2 O-O 8.N2f3 Nfd7
9.Bf4 Bf6 10.Bd6 Be7 11.Bg3 a6 12.Be2 b6 13.O-O Bb7 14.c4 Nc5 15.Rc1 Ne4 16.
cxd5 Nxg3 17.hxg3 Bxd5 18.Bc4 Bf6 19.Qb3 Bxc4 20.Qxc4 Ra7 21.Rfd1 Rd7 22.Qb3
e5 23.Ne2 Rxd1+ 24.Rxd1 Qc7 25.Nc3 Nc6 26.Nd5 Qb7 27.Qxb6 Qxb6 28.Nxb6 Rb8 29.
Nc4 e4 30.Nfd2 Bxb2 31.Rb1 Bc3 32.Rxb8+ Nxb8 33.Nxe4 Bb4 34.Kf1 f6 35.Ke2 Kf7
36.Kd3 Ke6 37.Nb6 Ba5 38.Nc5+ Ke7 39.Nd5+ Kf7 40.Nb7 Nc6 41.Nxa5 Nxa5 42.Kd4
Nc6+ 43.Kc5 Ne5 44.Kb6 Nd3 45.f3 h5 46.Kxa6 Ke6 47.Nf4+ 1-0

[Event "Cto. Autonómico por Equipos 2007"]
[Site "Aragón"]
[Date "2007.04.28"]
[Round "12.13"]
[White "Martinez Asensio Juan M"]
[Black "Dominguez Luzon Fernando"]
[Result "1-0"]
[WhiteElo "2160"]
[BlackElo "2105"]

1.d4 Nf6 2.c4 e6 3.Nf3 b6 4.e3 Bb7 5.Bd3 Be7 6.O-O O-O 7.Nc3 d5 8.cxd5 exd5 9.
b3 Nbd7 10.Bb2 c5 11.Rc1 Re8 12.Ne5 Nxe5 13.dxe5 Ne4 14.Ne2 Bg5 15.Ng3 Nxg3
16.hxg3 d4 17.f4 dxe3 18.fxg5 Qxg5 19.Rc4 Rad8 20.Rg4 Qh6 21.e6 Qxe6 22.Rxg7+
1-0

[Event "Cto. Autonómico por Equipos 2007"]
[Site "Aragón"]
[Date "2007.04.28"]
[Round "12.14"]
[White "Egido Fernandez Fernando"]
[Black "Martin Catalan Juan Vicente"]
[Result "0-1"]
[WhiteElo "2050"]
[BlackElo "2106"]

1.e4 c5 2.Nf3 Nc6 3.d4 cxd4 4.Nxd4 g6 5.c4 Nf6 6.Nc3 Bg7 7.Be3 d6 8.Be2 O-O 9.
O-O Bd7 10.Qd2 Nxd4 11.Bxd4 Bc6 12.Bd3 Qa5 13.f3 Nd7 14.Bxg7 Kxg7 15.Rae1 Ne5
16.f4 Qc5+ 17.Kh1 Nxc4 18.Bxc4 Qxc4 19.f5 f6 20.b3 Qf7 21.Re3 g5 22.Ne2 Bb5
23.Rc1 Bxe2 24.Qxe2 Rfc8 25.Rec3 Qe8 26.Qc2 Rxc3 27.Qxc3 Qd7 28.h3 Rd8 29.Qc4
Kf8 30.Qe6 a6 31.Qd5 Rc8 32.Rxc8+ Qxc8 33.a4 h5 34.Qd1 h4 35.Qh5 Qc1+ 36.Kh2
Qf4+ 37.Kh1 Qxe4 38.Qh8+ Kf7 39.Qh5+ Kg7 40.Qg6+ Kf8 41.Qh6+ Ke8 42.Qh5+ Kd7
43.Qh8 Qb1+ 44.Kh2 Qxb3 45.a5 d5 46.Qg8 Qg3+ 47.Kh1 Qe1+ 48.Kh2 Qe5+ 0-1

[Event "Cto. Autonómico por Equipos 2007"]
[Site "Aragón"]
[Date "2007.04.28"]
[Round "12.15"]
[White "Dominguez Bujeda Jesus"]
[Black "Garcia Bueno JP"]
[Result "*"]
[WhiteElo "2088"]
[BlackElo "1974"]

1.d4 d5 2.c4 e6 3.Nc3 c5 4.cxd5 exd5 5.Nf3 Nc6 6.g3 Nf6 7.Bg2 Be6 8.O-O Be7 9.
Bg5 cxd4 10.Nxd4 O-O 11.Rc1 h6 12.Be3 Qd7 13.Na4 Nxd4 14.Bxd4 Qb5 15.Nc3 Qd7
16.Qa4 Qxa4 17.Nxa4 b6 18.Nc3 Rfd8 19.Nb5 Rd7 20.Rc3 Ne4 21.Bxe4 dxe4 22.Nc7
Bh3 23.Rfc1 Rad8 24.e3 Bc5 25.Na6 Bxd4 26.exd4 Rxd4 27.Re3 Rd1+ 28.Re1 Rxe1+
29.Rxe1 Rd2 30.Rb1 Bf5 31.g4 Bxg4 32.Nb4 Rd1+ 33.Rxd1 Bxd1 34.Kg2 g5 35.Nc6 a5
36.Kg3 Kg7 37.Ne7 Bf3 38.h3 h5 39.h4 gxh4+ 40.Kxh4 f6 41.Nc8 b5 42.Nd6 b4 43.
Nc4 a4 44.Nb6 Kg6 45.Nxa4 f5 46.Nc5 f4 47.Ne6 Kf6 48.Nxf4 Ke5 49.Kg5 Bd1 50.a3
bxa3 51.bxa3 Kd4 *

[Event "Cto. Autonómico por Equipos 2007"]
[Site "Aragón"]
[Date "2007.04.28"]
[Round "12.16"]
[White "Moser Philippe"]
[Black "Barcena Francisco"]
[Result "1/2-1/2"]
[WhiteElo "1906"]
[BlackElo "1991"]

1.e4 c5 2.Nf3 Nc6 3.d4 cxd4 4.Nxd4 g6 5.c4 Bg7 6.Be3 Nf6 7.Nc3 d6 8.Be2 O-O 9.
O-O Bd7 10.Qd2 Nxd4 11.Bxd4 Bc6 12.Bd3 Qa5 13.Rad1 Qh5 14.Be2 Qa5 15.Bd3 Qh5
16.Be2 Qa5 17.f3 Nd7 18.Bxg7 Kxg7 19.f4 f5 20.exf5 Qb6+ 21.Kh1 gxf5 22.Nd5
Bxd5 23.cxd5 Nf6 24.Bf3 Qb5 25.Rfe1 Qd7 26.Re6 Rf7 27.Rde1 Re8 28.Qc2 Qb5 29.
Qxf5 Qxb2 30.Bh5 Nxh5 31.Qxh5 Qf2 32.g3 Qxa2 33.Qg5+ Kf8 34.Qh6+ Kg8 35.Rxd6
Qa5 36.Re5 Qa1+ 37.Kg2 Qb2+ 38.Kh3 Ref8 39.Rg5+ Rg7 40.Qe6+ Kh8 41.Rd7 Rxg5
42.fxg5 Qf2 43.Qxe7 Qf1+ 44.Kh4 Rf4+ 45.gxf4 Qxf4+ 46.Kh5 Qf3+ 1/2-1/2

[Event "Cto. Autonómico por Equipos 2007"]
[Site "Aragón"]
[Date "2007.04.28"]
[Round "12.17"]
[White "Luis Vitalla Fernando"]
[Black "Vera Jimenez Andres"]
[Result "1/2-1/2"]
[WhiteElo "2203"]
[BlackElo "2038"]

1.g3 Nf6 2.Bg2 d5 3.d3 g6 4.Nf3 Bg7 5.O-O O-O 6.Nbd2 c6 7.e4 dxe4 8.dxe4 Nbd7
9.Qe2 e5 10.Nc4 Qc7 11.a4 Nh5 12.Bd2 b6 13.Bb4 c5 14.Bc3 Bb7 15.Rfd1 Rad8 16.
Nd6 Ba8 17.a5 Bc6 18.Qc4 Nb8 19.axb6 axb6 20.Nb5 Bxb5 21.Qxb5 Nc6 22.Nd2 Nd4
23.Bxd4 Rxd4 24.c3 Qd7 25.Qxd7 Rxd7 26.Nc4 Rxd1+ 27.Rxd1 b5 28.Nd6 Rd8 29.Rd5
Nf6 30.Nb7 Nxd5 31.Nxd8 Nb6 32.Bf1 c4 33.Nc6 Na4 34.Na7 Nxb2 35.Nxb5 Bh6 36.
Na3 Bd2 37.Nb1 Be1 38.Be2 Na4 39.Kf1 Bxc3 40.Bxc4 Bd4 41.Ke2 Nc3+ 42.Nxc3 Bxc3
43.Kd3 Bd4 44.Ke2 1/2-1/2

[Event "Cto. Autonómico por Equipos 2007"]
[Site "Aragón"]
[Date "2007.04.28"]
[Round "12.18"]
[White "Ruiz Gutierrez Jose Manuel"]
[Black "Abril Avellanas Eduardo"]
[Result "1/2-1/2"]
[WhiteElo "2028"]
[BlackElo "2196"]

1.e4 e6 2.d4 d5 3.Nc3 Bb4 4.Ne2 dxe4 5.a3 Be7 6.Nxe4 Nc6 7.Bf4 f5 8.N4c3 Nf6
9.Qd2 O-O 10.O-O-O a6 11.f3 b5 12.Kb1 b4 13.axb4 Nxb4 14.Nc1 a5 15.Bc4 Nfd5
16.Be5 Ba6 17.Bxa6 Rxa6 18.Rhe1 Qd7 19.Nxd5 exd5 20.Qe2 Re6 21.c3 Nc6 22.Nd3
f4 23.Qc2 Nxe5 24.Nxe5 Qb5 25.Qe2 Qb3 26.Qc2 Qb5 27.Qe2 Qb3 28.Qc2 Qb5 1/2-1/2

[Event "Cto. Autonómico por Equipos 2007"]
[Site "Aragón"]
[Date "2007.04.28"]
[Round "12.19"]
[White "Salamero Pelay Fernando"]
[Black "Sierra Aguerri Joaquin"]
[Result "0-1"]
[WhiteElo "2178"]
[BlackElo "1926"]

1.b3 Nf6 2.Bb2 d5 3.e3 Bf5 4.f4 e6 5.Nf3 Bd6 6.Be2 O-O 7.O-O h6 8.c4 c6 9.Kh1
Nbd7 10.Qe1 Qc7 11.Nc3 a6 12.Rc1 dxc4 13.Bxc4 Nc5 14.d4 Nd3 15.Bxd3 Bxd3 16.
Rg1 Nd5 17.e4 Nxf4 18.e5 Bb4 19.Qe3 g5 20.g3 Nh3 21.Rg2 Bg6 22.Ne4 Be7 23.Re2
Qd7 24.Nfd2 Qd5 25.Kg2 g4 26.Kf1 Bg5 27.Qd3 b6 28.Qc4 Qxc4 29.Rxc4 Bxd2 30.
Nf6+ Kg7 31.Rxd2 Rac8 32.Nxg4 Ng5 33.Rd1 Be4 34.Nf6 Bg6 35.Rdc1 Bd3+ 36.Kf2
Bxc4 37.Rxc4 b5 38.Rc1 Rfd8 39.Ke3 Nh7 40.Ne4 f6 41.exf6+ Nxf6 42.d5 cxd5 43.
Nxf6 d4+ 44.Kd3 Kxf6 45.Rxc8 Rxc8 46.Bxd4+ e5 47.Bb2 Kf5 48.g4+ Kxg4 49.Bxe5
h5 50.a4 bxa4 51.bxa4 Rc5 52.Bc3 Kh3 53.Bb4 Rc8 0-1

[Event "Cto. Autonómico por Equipos 2007"]
[Site "Aragón"]
[Date "2007.04.28"]
[Round "12.20"]
[White "Turon Perez David"]
[Black "Gella Lopez Angel"]
[Result "1-0"]
[WhiteElo "1581"]
[BlackElo "2106"]

1.e4 c5 2.Nf3 e6 3.d4 cxd4 4.Nxd4 Nc6 5.Nc3 Qc7 6.Be3 a6 7.Bd3 Nf6 8.O-O Ne5
9.h3 Bc5 10.Qe2 d6 11.Kh1 b5 12.a3 O-O 13.f4 Ned7 14.Qf2 Bb7 15.Rad1 Rad8 16.
Nf3 Bxe3 17.Qxe3 Qc5 18.Qe1 Qc7 19.Qg3 Nc5 20.e5 Nfe4 21.Qe1 Nxd3 22.Rxd3 Nc5
23.exd6 Rxd6 24.Rxd6 Qxd6 25.Qe3 Qc6 26.Rd1 h6 27.Rd4 Rc8 28.Qd2 Qc7 29.Ne5
Bc6 30.Kh2 Nb7 31.Na2 Bd5 32.Nb4 Qa5 33.Nxd5 exd5 34.c3 Nc5 35.b4 Qxa3 36.bxc5
Rxc5 37.Rxd5 Rxc3 38.Rd8+ Kh7 39.Nxf7 Qc5 40.Rh8+ Kg6 41.Ne5+ Kf5 42.Rf8+ Ke4
43.Re8 Kf5 44.g4+ Ke4 45.Nd7+ 1-0

[Event "Cto. Autonómico por Equipos 2007"]
[Site "Aragón"]
[Date "2007.04.28"]
[Round "12.21"]
[White "Galvez Perez Jose Luis"]
[Black "Cid Royo Oscar"]
[Result "1-0"]
[WhiteElo "2125"]
[BlackElo "2081"]

1.d4 d5 2.Nf3 c6 3.e3 Bg4 4.c4 e6 5.h3 Bh5 6.cxd5 exd5 7.Nc3 Nf6 8.g4 Bg6 9.
Ne5 Nbd7 10.h4 h5 11.Nxg6 fxg6 12.g5 Ne4 13.Nxe4 dxe4 14.Bg2 Bb4+ 15.Bd2 Qe7
16.O-O Bxd2 17.Qxd2 O-O 18.Qc2 Rae8 19.Qb3+ Qe6 20.Bh3 Qxb3 21.axb3 Nb6 22.
Rxa7 Re7 23.Rc1 Nd5 24.Rca1 Nb6 25.b4 Nd5 26.b5 cxb5 27.R1a5 Nb4 28.Rxb5 Nd3
29.Rbxb7 Rxb7 30.Rxb7 Nxf2 31.Be6+ Kh7 32.Rf7 Nh3+ 33.Kg2 Re8 34.Bxh3 Rf8 35.
Rf4 Rb8 36.Rf2 Rf8 37.d5 Rb8 38.d6 Ra8 39.d7 Ra1 40.d8=N Rb1 41.Ne6 1-0

[Event "Cto. Autonómico por Equipos 2007"]
[Site "Aragón"]
[Date "2007.04.28"]
[Round "12.22"]
[White "Galve A"]
[Black "Vera Aranjuelo Jesus Maria"]
[Result "1/2-1/2"]
[WhiteElo "1884"]
[BlackElo "2114"]

1.e4 c6 2.d4 d5 3.e5 Bf5 4.Nc3 Qd7 5.Be3 h6 6.Nge2 e6 7.Ng3 Bh7 8.Bd3 Bxd3 9.
Qxd3 Qc7 10.f4 g6 11.O-O-O Nd7 12.Nge2 O-O-O 13.g4 Kb8 14.f5 gxf5 15.gxf5 c5
16.fxe6 fxe6 17.Qg6 cxd4 18.Bxd4 Bc5 19.Qxe6 Bxd4 20.Nxd4 Nc5 21.Qf5 Ne7 22.
Qf6 Rhf8 23.Qxh6 Qxe5 24.Rhe1 Ne4 25.Nxe4 dxe4 26.Qe3 Qxh2 27.Qxe4 Qf4+ 28.
Qxf4+ Rxf4 29.Rxe7 Rfxd4 30.Rxd4 Rxd4 31.c3 Rh4 32.Kc2 a6 33.Kb3 Ka7 34.a4 Kb6
35.Rg7 1/2-1/2

[Event "Cto. Autonómico por Equipos 2007"]
[Site "Aragón"]
[Date "2007.04.28"]
[Round "12.23"]
[White "Carraminana Lopez Luis Antonio"]
[Black "Sanchez Gimeno MA"]
[Result "1-0"]
[WhiteElo "1967"]
[BlackElo "1880"]

1.e4 e6 2.d4 d5 3.Nd2 dxe4 4.Nxe4 Nd7 5.Nf3 Ngf6 6.Nxf6+ Nxf6 7.c3 Be7 8.Ne5
O-O 9.Bc4 c5 10.O-O cxd4 11.cxd4 Qb6 12.Bb3 Rd8 13.Be3 Nd5 14.Qh5 g6 15.Qf3 f5
16.Qg3 Kg7 17.Bg5 Nf6 18.Qh4 h5 19.Qg3 Ng4 20.Bxe7 Rxd4 21.Nxg4 hxg4 22.Qe5+
Kh7 23.Bf8 Rd7 24.Rad1 Qd8 25.Qxe6 Qxf8 26.Rxd7+ Bxd7 27.Qxd7+ Kh8 28.Re1 1-0

[Event "Cto. Autonómico por Equipos 2007"]
[Site "Aragón"]
[Date "2007.04.28"]
[Round "12.24"]
[White "Centeno Ferrer Eduardo"]
[Black "Garcia Lopez Alberto J"]
[Result "0-1"]
[WhiteElo "1735"]
[BlackElo "1965"]

1.e4 d6 2.d4 Nf6 3.Nc3 g6 4.f4 Bg7 5.Nf3 O-O 6.Bd3 Bg4 7.Be3 c6 8.h3 Bxf3 9.
Qxf3 Nbd7 10.O-O e5 11.f5 b5 12.Ne2 a5 13.g4 Ne8 14.g5 exd4 15.Nxd4 Bxd4 16.
Bxd4 Qxg5+ 17.Kh2 Ne5 18.Qf2 Nf6 19.Bxe5 dxe5 20.Qc5 Qh4 21.Rg1 Qf4+ 22.Kh1
Nxe4 23.Bxe4 Qxe4+ 24.Kh2 Qf4+ 25.Kg2 Rad8 26.Rad1 Rd2+ 27.Rxd2 Qxd2+ 28.Kf3
Qf4+ 29.Ke2 Rd8 30.fxg6 Qe4+ 31.Qe3 Qxc2+ 0-1